[Event "AUTO-INT-2871"]
[Site "http://www.queenalice.com/game.php?id=1289912"]
[Date "2014.6.22"]
[Round "1"]
[White "sexgato"]
[Black "Philchess"]
[Result "0-1"]
[WhiteElo "1383"]
[BlackElo "1576"]

1. e4 Nf6 2. Nc3 e5 3. Nf3 Bb4 4. Nd5 Nxd5 5. Bc4 Nf4 6. Nxe5 Nxg2+ 7. Kf1 Rf8
8. Nxf7 Rxf7 9. Bxf7+ Kxf7 10. Qf3+ Qf6 11. Qxg2 Nc6 12. c3 Bc5 13. d4 Bb6 14.
e5 Qf5 15. d5 Nxe5 16. b3 Qd3+ 17. Ke1 Nf3+ 18. Qxf3+ Qxf3 19. Rf1 Qe4+ 20. Be3
d6 21. c4 Bxe3 22. fxe3+ Bf5 23. Ke2 g6 24. Rf4 Qc2+ 25. Kf3 Qxh2 26. e4 Qh3+
27. Ke2 Re8 28. Rf3 Rxe4+ 29. Kf2 Qh2+ 30. Kf1 Qe2+ 0-1

[Event "AUTO-INT-2871"]
[Site "http://www.queenalice.com/game.php?id=1289913"]
[Date "2014.6.22"]
[Round "1"]
[White "Philchess"]
[Black "sexgato"]
[Result "1-0"]
[WhiteElo "1584"]
[BlackElo "1375"]

1. d4 d5 2. e3 Bf5 3. Bd3 Bxd3 4. Qxd3 Nc6 5. a3 e5 6. dxe5 Nxe5 7. Qb5+ c6 8.
Qxb7 Nf6 9. Nd2 Bd6 10. f4 Neg4 11. Qxc6+ Ke7 12. Ndf3 Rc8 13. Qb7+ Rc7 14. Qb3
h6 15. h3 Nxe3 16. Bxe3 Nh5 17. Ne2 Qd7 18. Qxd5 Rxc2 19. Qxh5 g6 20. Qh4+ f6
21. b4 Qb5 22. Nfd4 Qd3 23. Qg3 Rcc8 24. O-O g5 25. Qf3 Bxf4 26. Bxf4 Qxf3 27.
gxf3 gxf4 28. Nxf4 Kf7 29. a4 Rc4 30. Nb5 Rxf4 31. Rab1 1-0

[Event "AUTO-INT-2871"]
[Site "http://www.queenalice.com/game.php?id=1289914"]
[Date "2014.6.22"]
[Round "1"]
[White "sexgato"]
[Black "wanderr"]
[Result "0-1"]
[WhiteElo "1416"]
[BlackElo "1688"]

1. e4 e6 2. e5 d5 3. Bd3 Ne7 4. Ne2 Nd7 5. f4 Nc5 6. O-O Nxd3 7. cxd3 c5 8. a3
Nc6 9. Ng3 Be7 10. b4 cxb4 11. axb4 Qb6+ 12. Kh1 Bxb4 13. Nh5 O-O 14. Qg4 g6 15.
Ba3 Kh8 16. Nf6 Bxa3 17. Qh3 h5 18. g4 Kg7 19. gxh5 Rh8 20. Nxa3 Nd4 21. Qg4 Nf5
22. hxg6 d4 23. gxf7+ Kxf7 24. Nc4 Qc6+ 25. Kg1 Bd7 26. Na5 Qc2 0-1

[Event "AUTO-INT-2871"]
[Site "http://www.queenalice.com/game.php?id=1289915"]
[Date "2014.6.22"]
[Round "1"]
[White "wanderr"]
[Black "sexgato"]
[Result "1-0"]
[WhiteElo "1693"]
[BlackElo "1416"]

1. Nf3 Nf6 2. d4 d5 3. e3 Bg4 4. Be2 Bxf3 5. Bxf3 e6 6. Bd2 Bd6 7. O-O O-O 8.
Qe2 c5 9. Nc3 cxd4 10. exd4 Nc6 11. Be3 Nb4 12. a3 Nc6 13. Nb5 a6 14. Nxd6 Qxd6
15. c3 Na5 16. g3 Nb3 17. Rad1 e5 18. Qc2 Na5 19. dxe5 Qe7 20. exf6 Qxf6 21.
Bxd5 Rad8 22. Bd4 Qh6 23. Be3 Qf6 24. Bd4 Qd6 25. Be4 g6 26. b4 Nc4 27. Bc5 1-0

[Event "AUTO-INT-2887"]
[Site "http://www.queenalice.com/game.php?id=1298842"]
[Date "2014.8.2"]
[Round "1"]
[White "Joaquim_Manoel"]
[Black "sexgato"]
[Result "1-0"]
[WhiteElo "1857"]
[BlackElo "1546"]

1. e4 e5 2. Bc4 Nf6 3. Nf3 Nxe4 4. O-O Bc5 5. Bxf7+ Kxf7 6. Nxe5+ Ke7 7. d4 d6
8. dxc5 dxc5 9. Qh5 g6 10. Nxg6+ hxg6 11. Qe5+ Be6 12. Qxe4 Nc6 13. Bg5+ Kf7 14.
Bxd8 Raxd8 15. Nc3 Bf5 16. Qf4 Nd4 17. Qxc7+ Kf6 18. Qxb7 Nxc2 19. Nd5+ Kg5 20.
f4+ Kh6 21. Rac1 Rh7 22. Qc6 Rc8 23. Qf6 Nd4 24. Ne7 Ne2+ 25. Kh1 Nxc1 26. Rxc1
Rb8 27. Nxf5+ Kh5 28. Qh4# 1-0

[Event "AUTO-INT-2887"]
[Site "http://www.queenalice.com/game.php?id=1298843"]
[Date "2014.8.2"]
[Round "1"]
[White "sexgato"]
[Black "Joaquim_Manoel"]
[Result "0-1"]
[WhiteElo "1516"]
[BlackElo "1948"]

1. e4 e5 2. Nf3 Nf6 3. Nc3 Nc6 4. Bc4 Be7 5. Ng5 O-O 6. Nxf7 Rxf7 7. Bxf7+ Kxf7
8. Qf3 Kg8 9. O-O d6 10. d3 Bg4 11. Qe3 Qe8 12. h3 Bh5 13. g4 Nxg4 14. hxg4 Bxg4
15. f3 Bh3 16. Rd1 Qg6+ 17. Kf2 Qg2+ 18. Ke1 Bh4+ 19. Qf2 Bxf2+ 20. Kd2 Qxf3 21.
Ne2 Qe3+ 22. Kc3 Qxe2 23. Rd2 Bd4+ 24. Kc4 Qg4 25. c3 Qe6+ 26. Kb5 a6+ 27. Ka4
b5+ 28. Ka3 Bb6 29. b4 a5 30. bxa5 Rxa5+ 0-1

[Event "AUTO-INT-2887"]
[Site "http://www.queenalice.com/game.php?id=1298860"]
[Date "2014.8.2"]
[Round "1"]
[White "sexgato"]
[Black "wanderr"]
[Result "0-1"]
[WhiteElo "1406"]
[BlackElo "1713"]

1. e4 e6 2. e5 d5 3. d4 c5 4. Bb5+ Bd7 5. Bxd7+ Nxd7 6. Nf3 Ne7 7. dxc5 Nxc5 8.
O-O Ng6 9. b4 Nd7 10. Bg5 Qb6 11. Be3 Qxb4 0-1

[Event "AUTO-INT-2887"]
[Site "http://www.queenalice.com/game.php?id=1298861"]
[Date "2014.8.2"]
[Round "1"]
[White "wanderr"]
[Black "sexgato"]
[Result "1-0"]
[WhiteElo "1698"]
[BlackElo "1411"]

1. d4 d5 2. Nf3 Nf6 3. e3 Nc6 4. Be2 Bf5 5. a3 e6 6. Bd3 Bg4 7. Bb5 Bxf3 8. Qxf3
a6 9. Bd3 Bd6 10. Bd2 O-O 11. O-O 1-0

[Event "AUTO-OPEN-3301"]
[Site "http://www.queenalice.com/game.php?id=1299014"]
[Date "2014.8.3"]
[Round "1"]
[White "josebaron"]
[Black "sexgato"]
[Result "1-0"]
[WhiteElo "1883"]
[BlackElo "1540"]

1. e4 e5 2. Bc4 Nf6 3. d3 Bc5 4. Nf3 Ng4 5. O-O Nxf2 6. Rxf2 Bxf2+ 7. Kxf2 O-O
8. Nxe5 Qf6+ 9. Nf3 d6 10. Nc3 Bg4 11. h3 Bxf3 12. Qxf3 Qxf3+ 13. Kxf3 Nd7 14.
Bf4 Nf6 15. e5 1-0

[Event "AUTO-OPEN-3301"]
[Site "http://www.queenalice.com/game.php?id=1299015"]
[Date "2014.8.3"]
[Round "1"]
[White "sexgato"]
[Black "josebaron"]
[Result "0-1"]
[WhiteElo "1542"]
[BlackElo "1881"]

1. e4 e5 2. Nf3 Nc6 3. Bc4 Bc5 4. d3 Nf6 5. Ng5 O-O 6. Nxf7 Rxf7 7. Bg5 h6 8.
Bxf6 Qxf6 9. Bxf7+ Qxf7 10. O-O d6 11. Nc3 Be6 12. Nb5 a6 13. Nc3 Qg6 0-1

[Event "AUTO-OPEN-3301"]
[Site "http://www.queenalice.com/game.php?id=1299036"]
[Date "2014.8.3"]
[Round "1"]
[White "sexgato"]
[Black "lpessoa"]
[Result "0-1"]
[WhiteElo "1514"]
[BlackElo "1719"]

1. e4 a6 2. Nf3 g6 3. Bc4 b5 4. Bd5 c6 5. Bb3 e6 6. O-O Bg7 7. e5 Ne7 8. Ng5 h6
9. Ne4 Bxe5 10. Nc5 d6 11. Ne4 f5 12. Nec3 d5 13. Qe1 Bd6 14. a4 b4 15. Na2 a5
16. d4 Qc7 17. g3 Kd8 18. Nd2 g5 19. c3 bxc3 20. bxc3 c5 0-1

[Event "AUTO-OPEN-3301"]
[Site "http://www.queenalice.com/game.php?id=1299037"]
[Date "2014.8.3"]
[Round "1"]
[White "lpessoa"]
[Black "sexgato"]
[Result "1-0"]
[WhiteElo "1727"]
[BlackElo "1506"]

1. d4 d5 2. Nc3 Nc6 3. Bf4 Bf5 4. Nb5 a6 5. Nxc7+ Kd7 6. Nxa8 Qxa8 7. a3 Na5 8.
e3 e6 9. c3 Nf6 10. b4 Nc6 11. h3 Ne4 12. Ne2 f6 13. f3 Nd6 14. g4 Bg6 15. h4 f5
16. h5 Bf7 17. g5 g6 18. h6 Nc4 19. Nc1 Nb2 20. Qc2 1-0

[Event "AUTO-OPEN-3301"]
[Site "http://www.queenalice.com/game.php?id=1299038"]
[Date "2014.8.3"]
[Round "1"]
[White "sexgato"]
[Black "rpalmero"]
[Result "0-1"]
[WhiteElo "1536"]
[BlackElo "1952"]

1. e4 c5 2. Bc4 e6 3. Nf3 Nc6 4. d3 Qc7 5. O-O a6 6. g3 b5 7. Bb3 Bd6 8. c4 Bb7
9. cxb5 axb5 10. Nc3 Qb6 11. a4 b4 12. Nb5 Bb8 0-1

[Event "AUTO-OPEN-3301"]
[Site "http://www.queenalice.com/game.php?id=1299039"]
[Date "2014.8.3"]
[Round "1"]
[White "rpalmero"]
[Black "sexgato"]
[Result "1-0"]
[WhiteElo "1950"]
[BlackElo "1538"]

1. c4 e5 2. e3 e4 3. Nc3 Nf6 4. Qc2 Bb4 5. Nxe4 Nxe4 6. Qxe4+ Qe7 7. Qxe7+ Bxe7
8. Nf3 O-O 9. a3 Nc6 10. d4 Na5 11. b4 Nb3 12. Rb1 1-0

[Event "AUTO-INT-2888"]
[Site "http://www.queenalice.com/game.php?id=1299482"]
[Date "2014.8.5"]
[Round "1"]
[White "JamesBrown"]
[Black "sexgato"]
[Result "1-0"]
[WhiteElo "1463"]
[BlackElo "1483"]

1. e4 e5 2. Bc4 d6 3. Nf3 h6 4. O-O Nf6 5. Nc3 Be7 6. d4 exd4 7. Nxd4 O-O 8. h3
c5 9. Ndb5 a6 10. Na3 b5 11. Be2 b4 12. Nc4 bxc3 13. bxc3 1-0

[Event "AUTO-INT-2888"]
[Site "http://www.queenalice.com/game.php?id=1299485"]
[Date "2014.8.5"]
[Round "1"]
[White "sexgato"]
[Black "daniel0176"]
[Result "0-1"]
[WhiteElo "1534"]
[BlackElo "1697"]

1. e4 e6 2. e5 Bc5 3. Nf3 Nh6 4. d4 Nf5 5. dxc5 O-O 6. Bc4 h6 7. O-O c6 8. b3 b6
9. cxb6 Qxb6 10. a4 Bb7 11. g4 Ne7 12. Be3 c5 13. b4 Qxb4 14. Be2 Qxg4+ 15. Kh1
Nbc6 16. Qxd7 Bc8 17. Qd2 Nf5 18. Rg1 Qh5 0-1

[Event "AUTO-INT-2888"]
[Site "http://www.queenalice.com/game.php?id=1299486"]
[Date "2014.8.5"]
[Round "1"]
[White "daniel0176"]
[Black "sexgato"]
[Result "1-0"]
[WhiteElo "1706"]
[BlackElo "1525"]

1. e4 e5 2. Qh5 Qe7 3. Bc4 g6 4. Bxf7+ Qxf7 5. Qxe5+ Qe7 6. Qf4 d5 7. d3 dxe4 8.
dxe4 g5 9. Qf3 Nf6 10. Bxg5 h6 11. Bxf6 Qb4+ 12. c3 Qxb2 13. c4 Qb4+ 14. Nd2 Rg8
15. Ne2 Bg4 16. Qe3 Bxe2 17. Qxe2 Bg7 18. Qh5+ Kf8 19. Bxg7+ Kxg7 20. Qe5+ Kh7
21. O-O 1-0